Complex Multiplication
Αποθηκεύτηκε σε:
| Κύριος συγγραφέας: | |
|---|---|
| Μορφή: | Βιβλίο |
| Γλώσσα: | English |
| Δημοσίευση: |
New York :
Springer-Verlag,
1983
|
| Σειρά: | Grundlehren der mathematischen wissenschaften ;
; 255 |
| Θέματα: | |
| Ετικέτες: |
Προσθήκη ετικέτας
Δεν υπάρχουν, Καταχωρήστε ετικέτα πρώτοι!
|
MARC
| LEADER | 00000nam a2200000 i 4500 | ||
|---|---|---|---|
| 001 | 1/28153 | ||
| 008 | 960524s1983 eng d | ||
| 020 | |a 0-387-90786-6 | ||
| 035 | |a 1995 |l 10038004 | ||
| 040 | |a GR-MY-UA |b gre |e aacr | ||
| 041 | 0 | |a eng | |
| 082 | 0 | |a 516.35 | |
| 100 | 1 | |a Lang, Serge |d 1927-2005. | |
| 245 | 1 | 0 | |a Complex Multiplication / |c Serge Lang |
| 260 | |a New York : |b Springer-Verlag, |c 1983 | ||
| 300 | |a 184 p.; |c 24 cm. | ||
| 490 | 1 | |a Grundlehren der mathematischen Wissenschaften |v ; 255 | |
| 500 | |a Includes Bibliographical references and index | ||
| 650 | 0 | 0 | |a Multiplication, Complex. |
| 830 | 0 | |a Grundlehren der mathematischen wissenschaften ; |v ; 255 | |
| 852 | |a INST |b SAMOS |e 19960524 |h 516.35 LAN |p 005300005102 |q 005300005102 |t BK |y 0 | ||
| 909 | |a Σ |b 039260 | ||